Η συμβολή του αγροτουρισμού στην οικονομική ανάπτυξη της υπαίθρου - Συγκριτική αξιολόγηση των νομών Ηρακλείου και Χίου : [πτυχιακή εργασία]
Αποθηκεύτηκε σε:
| Κύριος συγγραφέας: | |
|---|---|
| Συγγραφή απο Οργανισμό/Αρχή: | |
| Μορφή: | Thesis Βιβλίο |
| Γλώσσα: | Greek |
| Δημοσίευση: |
2008.
|
| Θέματα: | |
| Διαθέσιμο Online: | http://hdl.handle.net/11610/8584 |
| Ετικέτες: |
Προσθήκη ετικέτας
Δεν υπάρχουν, Καταχωρήστε ετικέτα πρώτοι!
|
MARC
| LEADER | 00000cam a2200000 i 4500 | ||
|---|---|---|---|
| 001 | 1/90616 | ||
| 008 | 080707s2008 gr | ||| |||| ||gre|| | ||
| 035 | |l 10098766 | ||
| 040 | |a GR-MyUa |b gre |e AACR2 | ||
| 041 | 0 | |a gre | |
| 082 | 7 | |a 338.4791 |2 (22) | |
| 100 | 1 | |a Δακανάλης, Ιωάννης. | |
| 245 | 1 | 2 | |a Η συμβολή του αγροτουρισμού στην οικονομική ανάπτυξη της υπαίθρου - Συγκριτική αξιολόγηση των νομών Ηρακλείου και Χίου : |b [πτυχιακή εργασία] / |c Δακανάλης Ιωάννης ; επιβλέπων καθηγητής : Ε. Σταθούκος. |
| 260 | |c 2008. | ||
| 300 | |a 106 σ. : |b διαγρ., πίν. ; |c 30 εκ. | ||
| 502 | |a Πτυχιακή εργασία – Πανεπιστήμιο Αιγαίου, Χίος, 2008. | ||
| 504 | |a Περιλαμβάνει βιβλιογραφία. | ||
| 610 | 2 | 0 | |a Πανεπιστήμιο Αιγαίου. |
| 650 | 0 | |a Rural development |x Economic aspects. | |
| 650 | 0 | |a Agritourism. | |
| 650 | 0 | 0 | |a Rural development |z Greece |z Chios Island. |
| 650 | 0 | |a Rural development |z Greece |z Erakleion (Nome) | |
| 650 | 0 | |a Dissertations, Academic |z Greece. | |
| 700 | 0 | |a Σταθούκος, Ευστάθιος, |e dgs | |
| 710 | 1 | |a Πανεπιστήμιο Αιγαίου Τμήμα Μηχανικών Οικονομίας και Διοίκησης - Τ.Μ.Ο.Δ. |b Σχολή Επιστημών της Διοίκησης. | |
| 852 | |a INST |b CHIOS |c DIATR |e 20080707 |h 338.4791 ΔΑΚ |p 005200028469 |q 005200028469 |t DIE |y 23 | ||
| 852 | |a INST |b CHIOS |c DIATR |e 20080707 |h 338.4791 ΔΑΚ |p 005200028470 |q 005200028470 |t DIE |y 23 | ||
| 856 | |u http://hdl.handle.net/11610/8584 | ||
| 901 | |a BIBL2-2008-2 | ||
| 924 | |a ΔΑΚΑΝΑΛΗΣ |b ΙΩΑΝΝΗΣ |y Χίος |z 2008-07 | ||
| 970 | |a ΒΑΣΙΛΑΚΗ |b ΝΙΚΗ |z 2008/07/07 | ||